[Event "USA-ch"]
[Site "Seattle"]
[Date "2002.01.07"]
[Round "3"]
[White "Shabalov, Alexander"]
[Black "Fishbein, Alexander"]
[Result "1-0"]
[WhiteElo "2606"]
[BlackElo "2497"]
[Annotator "Tyomkin,D"]
[PlyCount "123"]
[EventDate "2002.01.05"]
[EventType "swiss"]
[EventRounds "9"]
[EventCountry "USA"]
[SourceTitle "CBM 087"]
[Source "ChessBase"]
[SourceDate "2002.03.21"]
[SourceVersion "1"]
[SourceVersionDate "2002.03.21"]
[SourceQuality "1"]

1. e4 c5 2. Nf3 d6 3. d4 cxd4 4. Nxd4 Nf6 5. Nc3 Nc6 6. Bg5 e6 7. Qd2 Be7 8.
O-O-O O-O 9. Nb3 Qb6 10. f3 Rd8 11. Nb5 Rd7 12. Qe1 a5 $146 {In the round no.
eight of the same tourney Fishbein hadn't tried this move anymore:} (12... a6 {
1-0 Kudrin,S-Fishbein,A/Seattle 2002/CBM 87_01/[Tyomkin,D] (40)}) 13. a4 (13.
Be3 Qd8 14. a4 d5 $132) 13... Nb4 {Tactical Nxe4 doesn't work here;} (13...
Nxe4 14. Bxe7 (14. Be3 Nc5) 14... Nf2 15. Bg5 $16 (15. Bxd6 Nxd1 16. Qxd1 Na7
17. Nc5 Rd8 $17)) 14. Kb1 e5 {Nxe4 is bad again, but white has to watch out
this blow everytime;} (14... Nxe4 15. Bxe7 Nf2 16. Bxd6 Nxh1 (16... Nxd1 17.
Qxd1 {[%cal Gc2c3,Yc3c4,Yc4c5]}) 17. Bc4 Qf2 18. Qxf2 Nxf2 19. Rf1 Ra6 20. Bxb4
axb4 21. Rxf2 Rd1+ 22. Nc1 $18 {[%cal Gf2f1]}) 15. c3 Na6 16. Bc4 {It was
right time to replace black queen by Be3:} (16. Be3 Qd8 17. Bc4 d5 18. exd5
Nxd5 19. Bf2 $16 {[%csl Re5]}) 16... Nc7 17. Be3 Qc6 18. Qe2 (18. Nxc7 Qxc7 $8
19. Bb5 Rd8 20. Qf2 {[%cal Ge3b6,Yg2g4,Yh2h4]} Rf8 $8 21. Bb6 Qb8 $13 {[%cal
Gc8e6,Yd6d5,Yf6d7] white has no way to increase the pressure;}) 18... d5 $1 {
Right in time!} 19. Nxc7 Rxc7 20. Bb5 Qe6 (20... Qd6 $5 21. g4 {[%csl Rd5]
[%cal Gg4g5]}) 21. Qd3 dxe4 22. Qd8+ Bxd8 23. Rxd8+ Ne8 24. Nc5 Qe7 25. Rxe8+
Qxe8 26. Bxe8 exf3 27. Bb5 fxg2 28. Rg1 {[%mdl 1024] The material balance is
two light pieces of white for the rook and 3 pawns of black- very unusual; But
everything depends on dynamics;} Bf5+ 29. Kc1 Rac8 30. Nd3 Bd7 31. Kc2 Bxb5 32.
axb5 a4 $2 {Trusting on a4-a3 break and hoping to grab c3, but black wastes
very important time on it; It was necessary to build up pawn centre by:} (32...
Re7 33. Rxg2 f5 {and nothing clear yet: white gonna attack black pawns over
the queenside, but black can advance his kinside pawns supported by rooks....
Black is not worse with those passed pawns in the centre;  But this is easy
job to judge players sitting on arm-chair with cup of coffee and Fritz 7
swithced on- Fishbein probably was in time-pressure, and it is not that easy
to understand what's going on here in this ending even having spare time;}) 33.
Rxg2 a3 (33... f6 {[%cal Gc7c4]} 34. Rg4 Rc4 35. Rxc4 Rxc4 36. Nc5 $18 {
[%csl Gb5]}) 34. Bb6 Rc4 35. Nxe5 a2 36. Rg1 {Black reached anything by
pushing his a-pawn, but white had grabbed very important pawn e;} Re4 37. Nd3
Ra8 38. Ra1 Re2+ 39. Kb3 Rxh2 40. Bd4 (40. Nc5 Rh6 41. Bc7 Rh5 42. Kb4 $18 {
[%cal Gb5b6,Yc5b7]}) 40... h5 41. Nc5 {Now white decides the game over the
queenside where white has all his forces- black can not get enough counterplay
by pushing his kingside pawns;} Rg2 42. Nxb7 Rg6 43. Kb4 h4 44. Na5 h3 45. Be5
{45.Rxa2 looks simplier:} (45. Rxa2 h2 46. Ra1 $18) 45... Rg2 46. b3 (46. b6
Rxb2+ 47. Nb3 Ra6 48. Bc7 Rxb6+ 49. Bxb6 h2 50. Bc7 h1=Q 51. Rxh1 Rb1 52. Ka3
Rxh1 53. Kxa2 $11) 46... h2 {46..Re8 could cause white more problems:} (46...
Re8 $1 47. Bc7 $1 (47. Nc6 Rxe5 48. Nxe5 h2 49. b6 Rg1 50. b7 Rxa1 51. b8=Q+
Kh7 52. Qc8 h1=Q 53. Qf5+ $11) 47... h2 48. Bxh2 Rxh2 49. b6 {and like in the
game;}) 47. Bxh2 $1 {White gonna queen his b-pawn, and bishop isn't needed;}
Rxh2 48. c4 $18 {[%csl Ga5,Gb4,Rb5,Rc4]} f5 49. b6 Rb8 50. c5 f4 51. b7 Rc2 52.
Kb5 g5 (52... f3 53. c6 f2 54. Kb6 $18 {[%cal Gc6c7]}) 53. c6 g4 54. Nc4 (54.
Kb6 g3 55. c7 Rxc7 56. Kxc7 Rxb7+ 57. Nxb7 f3 58. Nd6 $18 {[%cal Gd6e4]}) 54...
Re2 55. Nd6 Re7 56. Kb6 (56. Rxa2 $18 {[%cal Ga2a8]}) 56... g3 (56... Re6 57.
Rxa2 {[%cal Ga2a8]}) 57. Nf5 Rh7 58. Rxa2 Rf8 59. Ra8 Rhf7 60. Nh4 f3 61. Rxf8+
Rxf8 62. Nxf3 {Exciting game, and Shabalov is famous creator of this kind of
games; I always enjoy to watch his his games;} 1-0

[Event "Corus"]
[Site "Wijk aan Zee"]
[Date "2005.01.29"]
[Round "12"]
[White "Morozevich, Alexander"]
[Black "Ponomariov, Ruslan"]
[Result "0-1"]
[WhiteElo "2741"]
[BlackElo "2700"]
[Annotator "Tyomkin,D"]
[PlyCount "96"]
[EventDate "2005.01.15"]
[EventType "tourn"]
[EventRounds "13"]
[EventCountry "NED"]
[EventCategory "19"]
[SourceTitle "CBM 105"]
[Source "ChessBase"]
[SourceDate "2005.04.11"]
[SourceVersion "1"]
[SourceVersionDate "2005.04.11"]
[SourceQuality "1"]

1. e4 c5 2. Nf3 d6 3. d4 {This was a bit unusual to watch Moro playing the
main line of Sicilian.} cxd4 4. Nxd4 Nf6 5. Nc3 Nc6 {After the bad experience
in Najdorf against Grischuk in round 10, Ponomariov decided to try different
Sicilian variation- the Rauzer.} 6. Bg5 e6 7. Qd2 Qb6 8. Nb3 Be7 9. O-O-O O-O
10. f3 a6 11. g4 Rd8 12. Bf4 $146 {Dubious novelty by Moro, however even after
the most popular 12.Be3 white doesn't have any advantage.} (12. Be3 Qc7 13. g5
Nd7 14. h4 b5 15. h5 (15. g6 $6 $146 fxg6 16. h5 gxh5 17. Rxh5 Nf6 18. Rh1 b4
19. Na4 Rb8 20. Qf2 Rf8 21. Qg1 Ne5 {1-0 Short,N-Muir,A/Catalan Bay 2004/CBM
098 ext (36) black's position looks preferable.}) 15... b4 16. Na4 Nc5 17.
Naxc5 dxc5 18. Qe1 Rxd1+ 19. Qxd1 a5 20. Nd2 a4 {1/2-1/2 Svidler,P-Xu Jun/
Shanghai 2001/CBM 085 (39) with mutual play.}) 12... d5 $1 {That's the main
drawback of 12.Bf4- it doesn't prevent d6-d5 unlike 12.Be3;} 13. e5 Nd7 14. Be3
Qc7 15. f4 b5 {Black is just faster on a queenside, than white- on a kingside.}
16. Qf2 $6 (16. Ne2 Nb6 17. Ned4 Nc4 18. Qf2 Bb7 $15) 16... Rb8 {The rook is
very useful on b-file in Rauzer setups.} 17. Nd4 Nxd4 18. Bxd4 Nc5 $17 {
[%cal Gb5b4] White doesn't have time to think about his attack even- black
threatens something with his every move.} 19. Kb1 b4 20. Ne2 a5 {There is no
reason for black to hurry up with Ne4 move- the knight is doing good job on c5
so far!} 21. Ng3 a4 22. Bd3 b3 23. cxb3 axb3 24. a3 (24. Bxc5 Bxc5 25. Rc1 Qa7
$1 26. Rxc5 d4 $1 {White can not save Rc5 now!} 27. Ne4 (27. Rc4 Qxa2+ 28. Kc1
Ba6 $19) (27. Rc6 Qxa2+ 28. Kc1 Bb7 $19) 27... Bb7 $19) 24... Qa5 25. Nh5 {
and again, white's attack is coming with big delay.} (25. f5 Nxd3 26. Rxd3 Ba6
27. Rc3 Rdc8 $17) 25... Ne4 26. Bxe4 {No choice.} (26. Qe3 Bxa3 $1 27. bxa3
Qxa3 28. Qe2 b2 $19 29. Bxe4 dxe4 30. Bxb2 Rxd1+ 31. Rxd1 Ba6 32. Qc2 Bd3 33.
Rxd3 exd3 34. Qd2 Qb3 $19 {[%cal Gb8c8,Gc8c2]}) 26... dxe4 {[%cal Gc8a6,Ya6d3]}
27. Bc3 Qc7 28. f5 {White's attack is fictitious- it just takes too much time
here to create some serious threats on a kingside.} Ba6 29. Nf4 Bg5 $1 {
Black intends to trade on f4- then, in opposite bishops endgame, black's
attack will be even stronger, also black will gain d3 outpost for his bishop.}
(29... Bxa3 $143 30. fxe6 {and white gets a hope.}) 30. h4 {30.fxe6 was more
resistant, however black has a large advantage there anyhow.} (30. fxe6 Bxf4
31. Rxd8+ Rxd8 32. Qxf4 fxe6 $17 {[%cal Ga6d3]}) 30... Bxf4 31. Qxf4 (31. Rxd8+
Qxd8 $1 32. Qxf4 Qd3+ 33. Ka1 e3 $1 $19 {[%cal Ge3e2,Rd3d1]}) 31... Bd3+ 32.
Ka1 (32. Rxd3 Rxd3 {[%cal Rd3c3]} 33. Rc1 Rbd8 34. f6 (34. Qxe4 Rd1 $19 {
[%cal Gc7c5,Gc5g1]}) 34... gxf6 $1 35. Qxf6 Rf3 36. Qg5+ Kh8 37. Bd2 Qd7 38.
Bf4 Rg8 $1 39. Qf6+ Rg7 {[%cal Gh8g8,Yg7g6,Yg7g4]}) 32... Ra8 $1 $19 {[%cal
Ga8a3] The rest is quite simple- black pieces dominate.} 33. Bb4 (33. Qc1 Ra4
34. f6 Rda8 {[%cal Gc7c5,Ra4a3]} 35. fxg7 Rxa3+ 36. bxa3 Rxa3+ 37. Qxa3 Qxc3+
38. Qb2 Qa5+ 39. Qa3 Qxa3#) 33... Rd4 34. Qd2 (34. Rxd3 Rxd3 35. Qxe4 Rad8 36.
Bd6 Qc2 $19) 34... Qxe5 35. Qc3 Qd5 {Black is up some material and black's
attack continues!} 36. fxe6 fxe6 37. Qc5 Rc4 38. Qe7 (38. Qxd5 exd5 39. Bd6 Ra6
40. Bf4 Rc2 $19 {[%cal Ra6a3]}) 38... Rac8 {[%cal Gc4c7] Ruslan doesn't give
any single chance to Morozevich.} 39. h5 R4c7 40. Qd6 (40. Qh4 Qd4 {[%cal
Gc7c2]}) 40... e3 41. Qxd5 exd5 42. Bc3 Be2 43. Rd4 (43. Rxd5 Bf3 $19) 43...
Rc4 44. Rxc4 Bxc4 45. g5 d4 $1 {the fastest!} 46. Bxd4 e2 {[%cal Gc8d8,Gd8d1]}
47. h6 Rd8 48. g6 {Probably Morozevich played this to entertain the
specatators :-).} Rxd4 0-1

[Event "Tan Chin Nam Cup 8th"]
[Site "Qingdao"]
[Date "2002.07.08"]
[Round "8"]
[White "Ni, Hua"]
[Black "Shabalov, Alexander"]
[Result "1/2-1/2"]
[WhiteElo "2533"]
[BlackElo "2624"]
[Annotator "Tyomkin,D"]
[PlyCount "93"]
[EventDate "2002.07.04"]
[EventType "swiss"]
[EventRounds "9"]
[EventCountry "CHN"]
[SourceTitle "CBM 091"]
[Source "ChessBase"]
[SourceDate "2002.11.12"]
[SourceVersion "1"]
[SourceVersionDate "2002.11.12"]
[SourceQuality "1"]

1. e4 c5 2. Nf3 d6 3. d4 cxd4 4. Nxd4 Nf6 5. Nc3 Nc6 6. Bg5 e6 7. Qd2 h6 8.
Bxf6 gxf6 9. O-O-O a6 10. f4 Bd7 11. Kb1 (11. Bc4 {Svidler} Qb6 12. Nf3 Qc5 (
12... Na5 {Svidler} 13. Bd3 $132) 13. Bb3 O-O-O 14. Kb1 Kb8 15. f5 Na5 16. Nd4
Nxb3 17. cxb3 (17. Nxb3 {Svidler} Qe5 $13) (17. axb3 {Svidler} h5 $13) 17... h5
(17... exf5 {Svidler} 18. Qf2 $1 $16) 18. Rhf1 Be7 19. Rc1 Qb6 (19... Qe5 $2 {
Svidler} 20. b4 $1 {/\ 21.Nf3+-} Qxh2 21. b5 $1 $40) 20. Rf3 (20. Na4 {Svidler}
Bxa4 21. bxa4 d5 $1 $17) 20... h4 $2 (20... Rc8 $13 {Svidler}) 21. fxe6 fxe6
22. Na4 $1 {1-0 Svidler,P-Shipov,S/Elista 1994/CBM 44/[Svidler] (43)}) 11...
Qb6 12. Nf3 (12. Nb3 O-O-O 13. Be2 h5 (13... Kb8 $6 {Rechlis,G} 14. Bh5 Rh7 $16
{1-0 Almasi,Z-Damljanovic,B/Cacak 1996/CBM 57/[Rechlis,G] (44)}) 14. h4 (14.
Rhf1 Be7 15. Bf3 h4 16. Rfe1 Kb8 17. Re3 Ka7 $6 18. Rd3 Na5 $6 19. Nd5 $1 $16 {
1-0 Handke,F-Baches Garcia,G/Andorra la Vella 2002/CBM 89 ext (44). (43)})
14... Kb8 15. Bf3 Na5 16. Qe2 Nxb3 17. axb3 Bb5 18. Nxb5 Qxb5 19. Qxb5 axb5 20.
b4 $16 {[%csl Rb5,Rh5] 1/2-1/2 Klovans,J-Gutman,G/Pardubice 2002/CBM 89 ext 
(35). (35)}) 12... O-O-O 13. Bc4 Kb8 (13... h5 14. g3 Be7 15. Bb3 Kb8 16. Rhf1
Qc5 17. f5 Na5 18. Nh4 Rdg8 {1/2-1/2 Adams,M-Garcia Ilundain,D/Cala Galdana
2001/CBM 84 ext (62). (61) with typical complicated position for this opening
line;}) 14. Bb3 Bc8 15. Rhf1 h5 16. g3 Qc5 17. Nh4 b5 18. f5 Bh6 19. Qe2 Be3 (
19... Nd4 20. Qd3 Nxb3 21. cxb3 $5 {with very complicated game, but white
looks better here;} (21. axb3 $14)) 20. fxe6 (20. e5 $5 Nxe5 {the strongest
reply;} 21. Ne4 Qb6 22. Nxd6 Rxd6 23. Rxd6 Qxd6 24. Qxe3 Rd8 25. a3 $14 {
and black has left with weaknesses all over;}) 20... fxe6 21. Ng6 Rhe8 (21...
Rhg8 22. Nf4 {[%csl Re6]}) 22. e5 $1 {[%cal Gc3e4] to clear e4 spot for the
knight;} f5 $1 {keeping e4 under control;} (22... Nxe5 23. Ne4 Qb6 24. Nxe5
fxe5 25. Nxd6 $1 $16) 23. exd6 Bd4 24. Qxh5 a5 25. a4 {This leads to the
forced play till move 32 of black;} (25. Ne7 $142 $5 Nxe7 26. dxe7 Rxe7 27. Ne4
$1 Qe5 (27... fxe4 28. Qxc5 {[%cal Gd1d8]}) 28. Ng5 {[%cal Gg5f3]}) 25... Bxc3
26. bxc3 bxa4 27. Bxa4 Rd7 28. Bxc6 Qxc6 29. Ne5 {[%mdl 64] All is forced
after 25.a4 move;} Qb5+ 30. Kc1 Qxe5 31. Qxe8 Qxc3 32. Rfe1 f4 $1 {[%mdl 64]
This move saves black here- this what probably Shaba had missed while playing
25.a4;} (32... a4 33. Rxe6 a3 34. Rd3 Qb2+ 35. Kd2 a2 36. Re1 Qb4+ 37. Ke2
Qxe1+ 38. Kxe1 a1=Q+ 39. Kf2 {and white looks better eventually;}) 33. Qh5 $6 {
Shabalov still hopes to win this game while this was good idea to force draw
by one of following moves:} (33. Rxe6 Qa1+ 34. Kd2 Qd4+ 35. Ke1 (35. Ke2 f3+ $1
{that's why black needs 32..f4!}) 35... Qg1+ $11) (33. gxf4 Qa1+ 34. Kd2 Qd4+
35. Ke2 Qe4+ $11) 33... Qa3+ 34. Kd2 Rxd6+ 35. Ke2 Qe3+ 36. Kf1 Ba6+ 37. Rd3 $1
{White keeps it equal this way;} (37. Kg2 Rd2+ 38. Kh3 Rxh2+ $3 39. Kxh2 Qxg3+
$19 {[%cal Ga6b7]}) 37... Bxd3+ (37... Rxd3 38. Rxe3 $8 Rd5+ 39. Qe2 $11) 38.
cxd3 Qxd3+ 39. Kg2 fxg3 40. hxg3 Qd5+ {this leads to immediate draw in rook
ening, other hand black king is same vulnerable as white's so probably white
keeps the draw here all ways;} 41. Qxd5 exd5 42. Ra1 Ra6 43. Rd1 a4 44. Rxd5 a3
45. Rd1 Kb7 46. Kf3 Ra4 47. Ke3 1/2-1/2

[Event "USA-ch"]
[Site "Seattle"]
[Date "2002.01.12"]
[Round "8"]
[White "Kudrin, Sergey"]
[Black "Fishbein, Alexander"]
[Result "1-0"]
[WhiteElo "2524"]
[BlackElo "2497"]
[Annotator "Tyomkin,D"]
[PlyCount "79"]
[EventDate "2002.01.05"]
[EventType "swiss"]
[EventRounds "9"]
[EventCountry "USA"]
[SourceTitle "CBM 087"]
[Source "ChessBase"]
[SourceDate "2002.03.21"]
[SourceVersion "1"]
[SourceVersionDate "2002.03.21"]
[SourceQuality "1"]

1. e4 c5 2. Nf3 d6 3. d4 cxd4 4. Nxd4 Nf6 5. Nc3 Nc6 6. Bg5 e6 7. Qd2 Be7 8.
O-O-O O-O 9. Nb3 Qb6 10. f3 Rd8 11. Nb5 (11. Kb1 {-is another popular line;})
11... Rd7 12. Qe1 (12. Be3 Qd8 13. N5d4 {- is an alternative line for white;})
12... a6 13. N5d4 ({Old fashion is:} 13. Be3 Qd8 14. N5d4 {-see games;}) 13...
Qc7 (13... Rd8 {Gofshtein,L} 14. g4 e5 15. Nf5 Bxf5 16. exf5 $5 {[%mdl 4]} Nd5
$2 (16... d5 $5 {Gofshtein,L}) 17. h4 Bxg5+ (17... Ncb4 {Gofshtein,L} 18. Kb1
Rac8 19. c3 $16) 18. hxg5 Qe3+ (18... Ndb4 {Gofshtein,L} 19. Kb1 $18) (18...
Ncb4 {Gofshtein,L} 19. Kb1 Ne3 20. Rc1 $18) 19. Qd2 Rac8 20. Kb1 {[%csl Yh1,
Rh7][%cal Yh1h7] 1-0 Svidler,P-Gulko,B/Cannes 2001/CBM 82/[Gofshtein,L] (45)})
14. h4 (14. g4 Ne5 15. Kb1 Rd8 16. Bc1 Nfd7 17. f4 Nc4 18. g5 b5 19. h4 Nc5 20.
Bd3 Bb7 21. g6 Bf6 22. gxf7+ Qxf7 23. Nxc5 dxc5 24. Nf3 Nxb2 $5 $132 {1/2-1/2
Nijboer,F-Van der Weide,K/Leeuwarden NED 2001 (53)}) 14... Nxd4 $146 {It can
be the impovement of this line for black;} (14... Ne5 {Gofshtein,L} 15. Kb1 b5
16. g4 d5 17. Bxf6 gxf6 18. f4 Ng6 19. f5 $40 {1-0 Anand,V-Avrukh,B/Haifa 2000/
CBM 74 ext (32)}) 15. Nxd4 h6 16. Bd2 {with the idea to face d6-d5 of black by
e4-e5;} (16. Be3 d5 $1) 16... Nh7 (16... d5 17. e5 Ne8 18. f4 {[%cal Gg2g4]
with the attack over the kingside;}) 17. g4 Bf6 18. Ne2 Qc5 $1 {[%cal Gd7c7]} (
18... d5 19. g5 hxg5 20. hxg5 Bxg5 (20... Nxg5 $2 21. Qh4 $18) 21. f4 (21. Bxg5
Nxg5 22. Qh4 f6 23. exd5 Rxd5 (23... exd5 24. Nf4 $16) 24. Rxd5 exd5 25. f4 $16
) 21... Be7 (21... Bh6 22. Qg3 Kh8 23. Bc3 $18 {[%cal Rh1h6]}) 22. Qg3 $16 {
[%cal Gg3h3]}) 19. Kb1 (19. f4 Rc7 20. Nc3 (20. c3 Qc4 $132 {[%csl Ra2,Re4]})
20... b5 $132 {[%cal Gb5b4]}) 19... Rc7 20. Rc1 Bd7 21. g5 (21. f4 $5) 21...
hxg5 22. hxg5 Nxg5 $2 {It allows white to develop crushing attack over black
kingside;} (22... Bxg5 $142 23. f4 Bf6 24. Qg3 Nf8 $13 {white still has some
pressure over the kingside,but anyhow it was much better than the game
continuation;}) 23. Qh4 Kf8 (23... g6 24. Bc3 e5 $8 25. Bd2 $1 {getting in
anyhow thru the h-file;}) 24. Bc3 $5 (24. Qh8+ Ke7 25. Qxa8 Nxf3 (25... Qb6 26.
e5 $1) 26. Bf4 $1 (26. Bc3 Bxc3 27. Nxc3 Qb6 $132 {[%cal Rc7c3,Rc7c8]}) 26...
Qb6 27. e5 Bxe5 28. Bxe5 Rc8 29. Qxc8 Bxc8 30. Bxg7 e5 $13 {There is very
unusual material balance on the board here- 2R+B against Q+2P of black....
white is up some material but I am not able to give evaluation here;}) (24. Bf4
$1 {[%cal Re4e5]} Nxf3 (24... Ke7 25. e5 Bxe5 26. Bxg5+ f6 27. Bf4 $16) 25. Qg3
(25. Qh8+ {-see 24.Qh8;}) 25... Ke7 26. Qxf3 $16 {white is up a piece for two
pawns only and it gives white good winning chances;}) 24... Bxc3 25. Nxc3 Rcc8
{preventing Nd5 blow;} (25... Rac8 26. Nd5 $1 exd5 27. Qxg5 f6 (27... Kg8 28.
exd5 $16) 28. Rh8+ Kf7 29. Qh5+ Ke7 30. Qg6 $1 $16) 26. Be2 {Last preperation
for the final break f3-f4-white got his rooks connected by Be2, and it can be
entered to the attack via d1-h5 diagonal;} (26. Nd5 f6 {and no rook over c7 as
in 25...Rac8 line;}) 26... f6 (26... Qe3 {it prevents f3-f4 for a while, but
doesn't solve all black problems;} 27. Qg3 $16 {[%csl Rd6][%cal Gc1d1]}) 27. f4
Nf7 28. Rhg1 (28. Qh7 $143 Ke7 $1 29. Qxg7 Rg8 30. Qh7 Rh8 31. Qg6 Rag8 {
suddenly white queen is trapped!}) 28... Qb6 (28... g5 29. Qh7 Ke7 30. Bh5 Rf8
31. e5 $1 $16 {[%cal Gc3e4] Disaster for black;}) 29. Qh7 Ke7 (29... Rxc3 30.
Rxg7 Be8 31. Bh5 $18 {[%cal Rg7f7]}) 30. Rxg7 $18 Rf8 31. Bh5 Be8 32. f5 $1 {
[%csl Rd5] The final break- white is getting d5 spot for the knight;} d5 {
Temporary solution- but white crushes black's pawn chain down after this move;}
33. fxe6 Qxe6 34. exd5 Qh3 35. Qe4+ Kd8 36. d6 (36. Qb4 $1 {[%csl Rf8][%cal
Yb4b6,Gh5g4] was another way to win the game;}) 36... Qd7 37. Bg4 f5 38. Bxf5
Nxd6 39. Qh4+ Kc7 40. Bxd7 1-0